000 00743nam a2200253Ia 4500
003 OSt
005 20220924115142.0
006 a|||||r|||| 00| 0
007 ta
008 220923b |||||||| |||| 00| 0 san d
024 _a41093
037 _cTextual
040 _aARTS
_cARTS
_bsan
041 _2san
_asan
082 _aO15,1A2:g(I), 152M9 (P15)
100 _aTrivedi Grija Shankar
_9177001
245 0 _aMahabharata ke van aur vrikasa
260 _aDehradun
_bGitika Prak
_c1989
300 _a13,200p.
_ccm.
650 _aSANSKRIT LITERATURE
700 _a Agrawal Amita
_9177002
942 _hO15,1A2:g(I), 152M9 (P15)
_cTEXL
_2CC
999 _c397017
_d397017